Diccionaco : diccionario de las palabras nacas, vocabulario naco, latinacos, refranacos /
En México, se utiliza el adjetivo naco para referirse, de manera peyorativa, a personas de bajo nivel social, poca educación, lenguaje vulgar y, en general, a algo de mal gusto. En la presente obra, el autor se mofa de la manera en que los medios de comunicación se han apropiado tanto de la manera d...
Αποθηκεύτηκε σε:
| Κύριος συγγραφέας: | |
|---|---|
| Μορφή: | Βιβλίο |
| Γλώσσα: | Ισπανικά |
| Έκδοση: |
México :
Costa-Amic,
1978, c1978
|
| Θέματα: | |
| Ετικέτες: |
Δεν υπάρχουν, Καταχωρήστε ετικέτα πρώτοι!
|
MARC
| LEADER | 00000nam^a2200000^a^4500 | ||
|---|---|---|---|
| 001 | 000388898 | ||
| 005 | 20250521000000.0 | ||
| 009 | 20260310121106.204 | ||
| 020 | |a 968-400-123-1 | ||
| 037 | |a Acervo ITESO - Biblioteca | ||
| 041 | |a ESP | ||
| 082 | |a 467. 972 |b GAL | ||
| 100 | |a Galán, Pedro |e (autor) | ||
| 245 | 1 | 0 | |a Diccionaco : |b diccionario de las palabras nacas, vocabulario naco, latinacos, refranacos / |c P. Galán. |
| 264 | 4 | |a México : |b Costa-Amic, |c 1978, c1978 | |
| 300 | |a 110 p. | ||
| 336 | |a texto |b txt |2 rdacontenido | ||
| 337 | |a sin mediación |b n |2 rdamedio | ||
| 338 | |a volumen |b nc |2 rdasoporte | ||
| 520 | |a En México, se utiliza el adjetivo naco para referirse, de manera peyorativa, a personas de bajo nivel social, poca educación, lenguaje vulgar y, en general, a algo de mal gusto. En la presente obra, el autor se mofa de la manera en que los medios de comunicación se han apropiado tanto de la manera de ver a los grupos sociales menos favorecidos, así como de los vocablos más comunes entre ellos; para ello, ofrece un singular listado de palabras y refranes que pueden recomponerse con la partícula "naco", para darles un sentido vulgar (y humorístico). | ||
| 649 | |a XX | ||
| 650 | |a Humor - |z México | ||
| 650 | |a Jerga - |z México - |x Tema Principal | ||
| 650 | |a Español en México - |x Tema Principal | ||
| 650 | |a Sociolecto - |z México | ||
| 650 | |a Lengua y Habla - |z México | ||
| 650 | |a Lenguaje | ||
| 650 | |a Sociología de la Cultura | ||
| 650 | |a Sociolingüística | ||
| 650 | |a Lingüística | ||
| 910 | |a Fondo General | ||
| 920 | |a Impresos - Libros | ||
| 930 | |a Colección General | ||
| 905 | |a 101 | ||
| 901 | |a 0500282878 |b IT1 |c ACC |i D77381 |u 20250521 | ||
| 902 | |a https://opac.biblio.iteso.mx/vufind/Record/000388898 | ||